000 01275nam a2200349 a 4500
001 991053350019706706
003 ES-BaIT
005 20260119103802.0
008 031215s1790 sp |||||||||||00| d|spa|c
035 _a(ES-BaCBU).b38758738
040 _aES-BaCBU
_bcat
_cES-BaCBU
080 _a860-2"17"
245 0 0 _aEntremes del casado por fuerza
260 _a[Madrid] :
_bSe hallará en la librería de Quiroga, calle de la Concepcion,
_c[ca. 1790]
300 _a16 p. ;
_c8º;
_c16 cm
500 _aTít. obtingut de l'epígraf i dades d'edició obtingudes del colofó
500 _aNomés s'indiquen les seqüències numerades de p.
500 _aReclams
500 _aP4: H4
533 _aReproducció digital disponible a Biblioescènic
593 _bVIT-081/18.
_cRelligat en volum factici.
_gExemplar digitalitzat per Crossland.
_hArtur Sedó
650 0 _aEntremesos
_yS. XVIII
_2lemac
_9162695
700 _aQuiroga
_eimpressor
_9137527
730 0 _aCol·lecció digital Biblioescènic del MAE
_969172
752 _dMadrid
856 4 1 _zAccés lliure (Biblioescènic)
_uhttps://books.cdmae.cat/visorpdf/?recurs=SV0081-18
902 _aPatrimoni
908 _aAHCB
_aBMVB
_aCDMAE
910 0 _aQuiroga,
940 _dCDMAE
942 _2udc
_cDIGITAL
999 _c136889
_d136889